| 000 | 00475cam a22001457a 4500 | ||
|---|---|---|---|
| 008 | 180718b1965 xxu||||| |||| 00| 0 eng d | ||
| 082 | _aN4x42 M356 | ||
| 100 | _aMarhsall, Geoffrey | ||
| 245 |
_aPolice and government: the status and accountability of the english constable _cby Geoffrey Marshall |
||
| 260 |
_aLondon _bMethuen _c1965 |
||
| 300 | _a168p | ||
| 650 | _aLocal government -Great Britain. | ||
| 650 | _aConstables -Great Britain | ||
| 650 | _aPolice -Great Britain | ||
| 999 |
_c410063 _d410063 |
||